000 00595nam a2200181Ia 4500
999 _c7893
_d7893
003 OSt
005 20200709121356.0
008 190216s9999||||xx |||||||||||||| ||und||
020 _a9789381335048
040 _coclc
082 _a658.15
_bIYE/F
100 _a Iyer, Chandra Hariharan
_93692
245 0 _aFinancial Management :
_bRecent Trends In Practical Applications /
_cChandra Hariharan Iyer
260 _bInternational Book House Pvt Ltd.,
_c2012.
_aAhmedabad:
300 _a1214p
650 _aFinancial Management
942 _cBK
_2ddc
_h658.15
_iIYE/F
_k658.15
_mIYE/F